01016nas a2200265 4500001001000000003000900010005001700019007000300036008003400039040005400073041000900127072000800136100001600144100001600160100001700176245017300193650001100366650001200377650002700389773010400416909004000520942001800560999001900578952015300597BR9605726BR-BrBNA20231205095843.0ta230509b bl.|||p| |||| 00| 00por d aBR-BrBNAbporcBiblioteca Nacional de Agricultura a(Pt) aH101 aAndrade, I.1 aDiniz, I.R.1 aMorais, H.C.1 aA lagarta de Cerconota achatina (Zeller)(Lepidoptera, Oecophoridae, Stenomatinae): biologia e ocorrencia em plantas hospedeiras do genero Byrsonima rich (Malpighiaceae) aMurici aLagarta aFlutuacao Populacional0 tRevista Brasileira de Zoologia (Brazil)xISSN 0101-8175g(Dec 1995), v. 12(4) p. 735-741wBR9605726 a202311bLúciac55dLúcia Elande 2AGRISn0cANA c153096d153096 002AGRIS4071a41918b41918cPeriódicos Agrícolash(Dec 1995), v. 12(4) p. 735-741l0r2023-11-29t01yCRePortaria Interministerial nº 164/94